000 00655nam a2200217 i 4500
001 bg
100 1 _aGODYCKI-ĆWIRKO, Tadeusz
245 0 _aProjektowanie elementów konstrukcji żelbetowych /
_cTadeusz Godycki-Ćwirko, Maria Kamińska, Danuta Ulańska. - Cz. 2.
250 _aWyd. 2.
260 _aŁódź :
_bPŁ,
_c1984.
300 _a229 s. :
_brys., wykr. ;
_c21 cm.
490 1 _aSkrypty dla Szkół Wyższych
700 1 _aKAMIŃSKA, Maria
700 1 _aULAŃSKA, Danuta
830 _aSkrypty dla Szkół Wyższych
040 _cBPK
041 _apol
080 _a624.01(075.8)
942 _cKS
008 s pl f |000 0 pol
999 _c949
_d949
856 _uhttp://koha.tu.koszalin.pl/cgi-bin/koha/opac-detail.pl?biblionumber=949
_yKatalog online BPK